000 00299nam a2200109Ia 4500
001 1259618
005 20260417140315.0
008 260417s9999 xx 000 0 und d
020 _a9789752890367
245 0 _aBir Siyah Saçlı Kadının Gezi Notları
_cBuket Uzuner
260 _bEverest Yayınları
999 _c1259618
_d1259618